[Event "Rated Blitz tournament nDUHiWFh"]
[Site "?"]
[Date "2021.10.10"]
[Round "?"]
[White "emptybrain"]
[Black "Schachelite"]
[Result "1-0"]
[WhiteElo "2470"]
[BlackElo "2508"]
[PlyCount "144"]
[EventDate "2021.??.??"]
[EventType "blitz"]

1. e4 e5 2. Nf3 d5 3. exd5 e4 4. Qe2 Nf6 5. d3 Qxd5 6. Nc3 Bb4 7. Bd2 Bxc3 8.
Bxc3 O-O 9. dxe4 Nxe4 10. Rd1 Nxc3 11. Rxd5 Nxe2 12. Bxe2 Nc6 13. O-O Nb4 14.
Rd2 Bf5 15. c3 Nc6 16. Bb5 Be4 17. Ng5 a6 18. Ba4 Bf5 19. Rd5 Ne7 20. Re5 Be6
21. Nxe6 fxe6 22. Rxe6 Nf5 23. Rd1 Rad8 24. Ree1 g6 25. g3 Kf7 26. Bb3+ Kf6 27.
Re6+ Kg7 28. Rde1 Rd2 29. R1e2 Rxe2 30. Rxe2 h5 31. f4 Rd8 32. Kf2 Kf6 33. Re6+
Kg7 34. Ke2 Rd7 35. Re5 Re7 36. Rxe7+ Nxe7 37. Kd3 Kf6 38. Ke4 Nf5 39. Bd1 Nd6+
40. Kd3 h4 41. Bg4 hxg3 42. hxg3 g5 43. b3 gxf4 44. gxf4 a5 45. c4 b6 46. Kd4
Ke7 47. Kd5 Ne8 48. Kc6 Kd8 49. Bf3 Nd6 50. Bd5 Nf5 51. Be4 Nd4+ 52. Kd5 Ne2
53. f5 Nc3+ 54. Ke5 Nxa2 55. f6 Ke8 56. Bg6+ Kf8 57. Kd5 Nc1 58. Bc2 Kf7 59.
Kc6 Kxf6 60. Kxc7 Ke5 61. Kxb6 Kd4 62. c5 Kc3 63. c6 Kxc2 64. c7 Kxb3 65. c8=Q
Na2 66. Qe6+ Ka3 67. Kxa5 Nc3 68. Qe3 Kb3 69. Qf3 Kb2 70. Kb4 Na2+ 71. Kc4 Nc1
72. Qg2+ Kb1 {Normal} 1-0

[Event "Rated Blitz game"]
[Site "?"]
[Date "2021.10.10"]
[Round "?"]
[White "Ataque_Rey"]
[Black "lavilaine"]
[Result "0-1"]
[WhiteElo "2428"]
[BlackElo "2446"]
[PlyCount "126"]
[EventDate "2021.??.??"]
[EventType "blitz"]

1. e4 e5 2. Nf3 d5 3. d4 dxe4 4. Nxe5 Bd6 5. f4 Bxe5 6. fxe5 c5 7. Bb5+ Bd7 8.
Bxd7+ Nxd7 9. c3 f6 10. Qg4 Qe7 11. Qxe4 fxe5 12. Qxb7 exd4+ 13. Kd1 Rb8 14.
Qc6 Qh4 15. Re1+ Ne7 16. Qe4 Qxe4 17. Rxe4 Nf6 18. Re5 Kf7 19. Rxc5 Rbd8 20.
Nd2 dxc3 21. Rxc3 Ned5 22. Ra3 Rhe8 23. Rxa7+ Kg6 24. Kc2 Re1 25. Nf3 Ne3+ 26.
Bxe3 Rxa1 27. Nh4+ Kh5 28. Rxg7 Rc8+ 29. Kb3 Kxh4 30. Bg5+ Kh5 31. Bxf6 Rf1 32.
Bc3 h6 33. a4 Rf2 34. h3 Re2 35. a5 Ra8 36. g4+ Kh4 37. Rg6 Kxh3 38. Rxh6+ Kxg4
39. Rg6+ Kf5 40. Rf6+ Ke4 41. Re6+ Kd3 42. Rxe2 Kxe2 43. Kc4 Ke3 44. Bd4+ Ke4
45. b3 Kf5 46. Bc5 Ke6 47. b4 Kd7 48. Kb5 Kc7 49. Bb6+ Kb7 50. a6+ Rxa6 51. Bc5
Rc6 52. Kc4 Rh6 53. Kb5 Rh5 54. Ka4 Kc6 55. Ka5 Rh1 56. Ka4 Rf1 57. Kb3 Rb1+
58. Kc4 Rf1 59. Kb3 Kb5 60. Bd4 Rf3+ 61. Bc3 Rh3 62. Kb2 Kc4 63. Bd2 Rh2 {
Time forfeit} 0-1

[Event "Rated Blitz game"]
[Site "?"]
[Date "2021.10.10"]
[Round "?"]
[White "Pelzigeachsel"]
[Black "Schachelite"]
[Result "1-0"]
[WhiteElo "2474"]
[BlackElo "2501"]
[PlyCount "32"]
[EventDate "2021.??.??"]
[EventType "blitz"]

1. e4 e5 2. Nf3 d5 3. Nxe5 Bd6 4. d4 dxe4 5. Bc4 Bxe5 6. dxe5 Qxd1+ 7. Kxd1 Nc6
8. Bf4 Nge7 9. Re1 Bg4+ 10. Kc1 O-O-O 11. Nc3 Ng6 12. Bg3 Ngxe5 13. Rxe4 Nxc4
14. Rxg4 Rd4 15. Rxg7 Rhd8 16. b3 Rd1+ {Normal} 1-0

[Event "Rated Blitz game"]
[Site "?"]
[Date "2021.10.10"]
[Round "?"]
[White "flo50"]
[Black "lavilaine"]
[Result "1-0"]
[WhiteElo "2553"]
[BlackElo "2478"]
[PlyCount "43"]
[EventDate "2021.??.??"]
[EventType "blitz"]

1. e4 e5 2. Nf3 d5 3. exd5 e4 4. Qe2 f5 5. d3 Qxd5 6. Nc3 Bb4 7. Bd2 Bxc3 8.
Bxc3 Nf6 9. O-O-O Qxa2 10. dxe4 O-O 11. Qc4+ Qxc4 12. Bxc4+ Kh8 13. Ng5 Nxe4
14. Nf7+ Kg8 15. Bb4 c5 16. Nd6+ Kh8 17. Nxe4 fxe4 18. Bxc5 Re8 19. Bf7 Bd7 20.
Bxe8 Bxe8 21. Rd8 Nc6 22. Rxa8 {Normal} 1-0

[Event "Rated Blitz game"]
[Site "?"]
[Date "2021.10.10"]
[Round "?"]
[White "vafin_niyaz"]
[Black "Undert4ker"]
[Result "0-1"]
[WhiteElo "2472"]
[BlackElo "2401"]
[PlyCount "112"]
[EventDate "2021.??.??"]
[EventType "blitz"]

1. e4 e5 2. Nf3 d5 3. exd5 e4 4. Qe2 Nf6 5. d3 Qxd5 6. Nc3 Bb4 7. Bd2 Bxc3 8.
Bxc3 O-O 9. dxe4 Nxe4 10. Qd3 Nxc3 11. bxc3 Qe6+ 12. Be2 b6 13. O-O Ba6 14. c4
Nc6 15. Rfe1 Rad8 16. Qc3 Bb7 17. c5 Qg6 18. Bd3 Qg4 19. Re4 Qh5 20. Rh4 Qxc5
21. Bxh7+ Kh8 22. Bd3+ Kg8 23. Rc4 Qd6 24. Rd1 Qe6 25. Rh4 Rfe8 26. Qa3 Qe7 27.
Qa4 Ne5 28. Nxe5 Qxe5 29. h3 a6 30. Qb4 Qe7 31. Bh7+ Kf8 32. Qg4 Rxd1+ 33. Qxd1
Qe1+ 34. Qxe1 Rxe1+ 35. Kh2 g6 36. Rc4 c5 37. Rh4 Kg7 38. f4 Re2 39. Kg1 Rxg2+
40. Kf1 Rxc2 41. f5 Rxa2 42. fxg6 fxg6 43. Ke1 b5 44. Kd1 Bd5 45. Kc1 Bf7 46.
Rf4 Ra4 47. Rf2 Rh4 48. Bxg6 Bxg6 49. Ra2 Rxh3 50. Rxa6 b4 51. Rc6 Rc3+ 52. Kb2
c4 53. Rb6 Rc2+ 54. Ka1 b3 55. Rb7+ Kh6 56. Rb8 Ra2# {Normal} 0-1

[Event "Rated Rapid game"]
[Site "?"]
[Date "2021.10.10"]
[Round "?"]
[White "silvicent"]
[Black "banyu_ireng"]
[Result "0-1"]
[WhiteElo "2434"]
[BlackElo "2327"]
[PlyCount "52"]
[EventDate "2021.??.??"]
[EventType "rapid"]

1. e4 e5 2. Nf3 d5 3. exd5 e4 4. Nd4 Bc5 5. Nb3 Bb6 6. c4 Nf6 7. h3 c5 8. Nc3
Bf5 9. g4 Bg6 10. Bg2 Nbd7 11. O-O Ne5 12. g5 Nh5 13. Nxe4 O-O 14. f4 Bxe4 15.
Bxe4 Ng3 16. Qc2 Nxf1 17. Bxh7+ Kh8 18. Kxf1 Ng6 19. Bxg6 fxg6 20. Qxg6 Rxf4+
21. Kg2 Qe7 22. Qh5+ Kg8 23. d3 Rf5 24. Bd2 Raf8 25. Re1 Rf2+ 26. Kg1 Qd6 {
Normal} 0-1

[Event "Rated Blitz game"]
[Site "?"]
[Date "2021.10.10"]
[Round "?"]
[White "JanBoel"]
[Black "alaeldin112"]
[Result "1-0"]
[WhiteElo "2462"]
[BlackElo "2377"]
[PlyCount "95"]
[EventDate "2021.??.??"]
[EventType "blitz"]

1. e4 e5 2. Nf3 d5 3. Nxe5 Bd6 4. d4 dxe4 5. Nc3 Nf6 6. Be2 O-O 7. O-O h6 8.
Be3 Nbd7 9. Nc4 a6 10. Nxd6 cxd6 11. a4 d5 12. a5 Nb8 13. Qd2 Nc6 14. Rfb1 Bg4
15. Bf1 Rc8 16. b4 Ne7 17. Na4 Nf5 18. Nc5 Qc7 19. Bf4 Qe7 20. h3 Bh5 21. Ra3
Bg6 22. b5 Nh5 23. bxa6 bxa6 24. Rb7 Qd8 25. Be5 Rxc5 26. dxc5 f6 27. Rb8 fxe5
28. Rxd8 Rxd8 29. g4 e3 30. Rxe3 Nxe3 31. gxh5 Nxf1 32. Qe1 Bxh5 33. Qxe5 Nd2
34. Qxh5 Ne4 35. c6 Nf6 36. Qe5 Kh7 37. Qe6 Re8 38. Qf5+ g6 39. Qd3 Re1+ 40.
Kg2 Nh5 41. Qxa6 Nf4+ 42. Kf3 Ne6 43. Qb7+ Kg8 44. c7 Nxc7 45. Qxc7 Re8 46. Qd7
Rf8+ 47. Ke2 Rf5 48. a6 {Normal} 1-0

[Event "Rated Blitz tournament v0VYEnuq"]
[Site "?"]
[Date "2021.10.10"]
[Round "?"]
[White "VSavicevic"]
[Black "gmmds2694"]
[Result "1/2-1/2"]
[WhiteElo "2511"]
[BlackElo "2671"]
[PlyCount "48"]
[EventDate "2021.??.??"]
[EventType "blitz"]

1. e4 e5 2. Nf3 d5 3. exd5 Bd6 4. Nc3 f5 5. d4 e4 6. Ne5 Nd7 7. Qh5+ g6 8. Nxg6
Ngf6 9. Qh4 Rg8 10. Nf4 Qe7 11. h3 a6 12. Be2 Nf8 13. Nh5 Nxh5 14. Bxh5+ Ng6
15. Qxe7+ Kxe7 16. g3 b5 17. a3 Bb7 18. Bg5+ Kd7 19. O-O-O Raf8 20. h4 Ne7 21.
Bh6 Rf6 22. Bg5 Rff8 23. Bh6 Rf6 24. Bg5 Rff8 {Normal} 1/2-1/2

[Event "Rated Blitz tournament e8KCvA3Y"]
[Site "?"]
[Date "2021.10.10"]
[Round "?"]
[White "Everythingfor7day"]
[Black "Monkey_King"]
[Result "0-1"]
[WhiteElo "2213"]
[BlackElo "2450"]
[PlyCount "112"]
[EventDate "2021.??.??"]
[EventType "blitz"]

1. e4 e5 2. Nf3 d5 3. exd5 e4 4. Qe2 Nf6 5. Nc3 Be7 6. Nd4 O-O 7. b3 c5 8. Ndb5
a6 9. Na3 b5 10. Nxe4 Nxe4 11. Qxe4 Bf6 12. Be2 Re8 13. Qf3 Bxa1 14. c3 Qe7 15.
Nc2 Bb7 16. Ne3 Nd7 17. O-O Ne5 18. Qg3 Ng6 19. Bf3 Rad8 20. Ba3 b4 21. Nf5 Qe5
22. cxb4 Qxg3 23. hxg3 cxb4 24. Bxb4 Be5 25. d4 Bb8 26. Ne3 Ne7 27. Ba5 Rc8 28.
Bg4 Nxd5 29. Bxc8 Rxc8 30. Nc4 Bc7 31. Bxc7 Rxc7 32. Re1 f6 33. Re8+ Kf7 34.
Rb8 Kg6 35. f4 Bc6 36. Kf2 h5 37. Kf3 Nb6+ 38. Ke3 Nxc4+ 39. bxc4 Re7+ 40. Kd3
Be4+ 41. Kc3 Bf5 42. d5 Re3+ 43. Kd4 Rxg3 44. c5 Rxg2 45. d6 Rd2+ 46. Kc4 Rc2+
47. Kd5 Rxa2 48. Kc6 Rd2 49. Rd8 Be4+ 50. Kc7 Bf5 51. d7 Rd6 52. Kc8 Rd5 53.
Re8 Rxc5+ 54. Kd8 Bxd7 55. Kxd7 Rc8 56. Ke7 Rc7+ {Time forfeit} 0-1

[Event "Rated Blitz game"]
[Site "?"]
[Date "2021.10.10"]
[Round "?"]
[White "HenrikDahl"]
[Black "alaeldin112"]
[Result "0-1"]
[WhiteElo "2478"]
[BlackElo "2370"]
[PlyCount "64"]
[EventDate "2021.??.??"]
[EventType "blitz"]

1. e4 e5 2. Nf3 d5 3. exd5 e4 4. Nd4 Qxd5 5. Nb3 Bd6 6. Nc3 Qe5 7. Bc4 a6 8. a4
Nc6 9. Qe2 Nf6 10. d3 Bg4 11. Qe3 Nb4 12. Kd2 O-O-O 13. Qa7 exd3 14. cxd3 Qg5+
15. Ke1 Qe5+ 16. Be3 Nc2+ 17. Kd2 Nxa1 18. Rxa1 Bb4 19. Qa8+ Kd7 20. Qxb7 Bxc3+
21. bxc3 Ke8 22. Re1 Ne4+ 23. Kc2 Qxc3+ 24. Kb1 Qxe1+ 25. Ka2 Qe2+ 26. Ka3 Nd6
27. Qc6+ Kf8 28. Qxc7 Nxc4+ 29. dxc4 Qd3 30. Bd4 Rxd4 31. Qb8+ Rd8 32. Qb4+ Kg8
{Normal} 0-1

[Event "Rated Blitz game"]
[Site "?"]
[Date "2021.10.10"]
[Round "?"]
[White "artsportscience"]
[Black "ReinaldoR"]
[Result "1-0"]
[WhiteElo "2343"]
[BlackElo "2475"]
[PlyCount "117"]
[EventDate "2021.??.??"]
[EventType "blitz"]

1. e4 e5 2. Nf3 d5 3. exd5 e4 4. Qe2 Nf6 5. d3 Bb4+ 6. c3 O-O 7. dxe4 Bc5 8.
Bg5 Re8 9. Bxf6 Qxf6 10. Nbd2 c6 11. e5 Qf5 12. d6 Nd7 13. O-O-O Bxd6 14. Nc4
Bc5 15. Qd3 Qf4+ 16. Qd2 Qg4 17. h3 Qh5 18. g4 Qg6 19. Bd3 Qe6 20. Bxh7+ Kh8
21. Bd3 b5 22. Nd6 Bxd6 23. exd6 Qxd6 24. Qg5 Qf6 25. Qh5+ Qh6+ 26. Qxh6+ gxh6
27. Bf5 Nf6 28. Bxc8 Raxc8 29. Rhe1 Kg7 30. Ne5 Re6 31. f4 Rce8 32. Nd3 Nd5 33.
Rxe6 Rxe6 34. Re1 Rxe1+ 35. Nxe1 Nxf4 36. h4 Ng2 37. Nxg2 Kf6 38. Kd2 Ke5 39.
Ke3 Kd5 40. Kf4 Kc4 41. Ne3+ Kd3 42. g5 hxg5+ 43. Kxg5 Kxe3 44. h5 f5 45. Kxf5
Kd2 46. h6 Kc2 47. h7 Kxb2 48. h8=Q Kxa2 49. Qd4 a5 50. Qc5 Kb3 51. Qxc6 b4 52.
cxb4 axb4 53. Qc1 Ka4 54. Qb1 b3 55. Ke4 Kb5 56. Kd3 Kb4 57. Kd4 b2 58. Qxb2+
Ka4 59. Kc5 {Time forfeit} 1-0

[Event "Rated Blitz tournament 2IGczbOg"]
[Site "?"]
[Date "2021.10.10"]
[Round "?"]
[White "SuperBoludo"]
[Black "geptil"]
[Result "0-1"]
[WhiteElo "2704"]
[BlackElo "2449"]
[PlyCount "66"]
[EventDate "2021.??.??"]
[EventType "blitz"]

1. e4 e5 2. Nf3 d5 3. exd5 e4 4. Nd4 Qxd5 5. Nb3 Nf6 6. Nc3 Qf5 7. d3 Bb4 8.
Bd2 O-O 9. a3 Bxc3 10. Bxc3 Nc6 11. Be2 Qg6 12. Qd2 exd3 13. Bxd3 Re8+ 14. Kf1
Bf5 15. Bxf5 Qxf5 16. Nd4 Nxd4 17. Qxd4 Qxc2 18. g3 Rad8 19. Qh4 Re4 20. Bxf6
Rxh4 21. Bxd8 Rh5 22. Re1 Qd3+ 23. Kg2 Qxd8 24. Rd1 Rd5 25. Rc1 c6 26. Rhe1 h5
27. Rc3 Rd2 28. Rce3 Qd5+ 29. Kg1 Rxb2 30. Re8+ Kh7 31. R8e5 Qf3 32. R5e3 Qxf2+
33. Kh1 Qg2# {Normal} 0-1

[Event "Rated Blitz game"]
[Site "?"]
[Date "2021.10.10"]
[Round "?"]
[White "Jamshid_Shodikulov"]
[Black "pashpawn"]
[Result "0-1"]
[WhiteElo "2372"]
[BlackElo "2417"]
[PlyCount "38"]
[EventDate "2021.??.??"]
[EventType "blitz"]

1. e4 e5 2. Nf3 d5 3. exd5 e4 4. Ne5 Qxd5 5. d4 exd3 6. Nxd3 Nf6 7. Nc3 Qe6+ 8.
Be2 Bd6 9. O-O O-O 10. Re1 Nc6 11. Bf3 Qf5 12. g3 Be6 13. a4 Rad8 14. a5 a6 15.
Ra4 Bc5 16. Be3 Bxe3 17. Rxe3 Nd4 18. Bxb7 Ng4 19. Re4 Nxf2 {Normal} 0-1

[Event "Rated Blitz game"]
[Site "?"]
[Date "2021.10.10"]
[Round "?"]
[White "Pericuri"]
[Black "Annali-annaliew1979"]
[Result "0-1"]
[WhiteElo "2339"]
[BlackElo "2431"]
[PlyCount "54"]
[EventDate "2021.??.??"]
[EventType "blitz"]

1. e4 e5 2. Nf3 d5 3. d3 dxe4 4. dxe4 Qxd1+ 5. Kxd1 Bg4 6. Nbd2 Nc6 7. h3 Bh5
8. Be2 f6 9. c3 O-O-O 10. Kc2 Bc5 11. Rf1 Nge7 12. b4 Bb6 13. a4 a5 14. b5 Nb8
15. Nc4 Bg6 16. Nxb6+ cxb6 17. Nd2 Nd7 18. f3 Nc5 19. Ba3 f5 20. Nc4 fxe4 21.
Nxb6+ Kc7 22. Bxc5 exf3+ 23. Kb2 fxe2 24. Rfe1 Rd2+ 25. Kc1 Rc2+ 26. Kb1 Rxc3+
27. Kb2 Rxc5 {Normal} 0-1

[Event "Rated Blitz tournament 1fOnwss6"]
[Site "?"]
[Date "2021.10.10"]
[Round "?"]
[White "tatasaha"]
[Black "Maltinho"]
[Result "0-1"]
[WhiteElo "2787"]
[BlackElo "2557"]
[PlyCount "112"]
[EventDate "2021.??.??"]
[EventType "blitz"]

1. e4 e5 2. Nf3 d5 3. Nxe5 Bd6 4. d4 dxe4 5. Nc4 Nf6 6. Nc3 Nc6 7. Be2 O-O 8.
Bg5 Re8 9. Nd5 Bb4+ 10. Nxb4 Nxb4 11. O-O h6 12. Bh4 Bf5 13. Ne3 Bh7 14. a3 Nc6
15. c3 Qd6 16. Bg3 Qd7 17. Qb3 Na5 18. Qb5 Qxb5 19. Bxb5 c6 20. Be2 b6 21. b4
Nb7 22. Ba6 Re7 23. c4 Rd8 24. Rfd1 Nd6 25. d5 c5 26. bxc5 bxc5 27. Rab1 Nfe8
28. Rb3 f5 29. Rdb1 g5 30. Bxd6 Rxd6 31. Bb5 f4 32. Bxe8 fxe3 33. Rb8 exf2+ 34.
Kxf2 e3+ 35. Ke2 Bxb1 36. Bg6+ Kg7 37. Bxb1 Rb6 38. Rxb6 axb6 39. Bf5 Ra7 40.
d6 Kf6 41. d7 Ke7 42. Kxe3 Rxa3+ 43. Ke4 Ra2 44. g4 Rd2 45. h3 Rd4+ 46. Ke5
Rxc4 47. Kd5 Rd4+ 48. Kc6 Rd6+ 49. Kb5 Kd8 50. Kc4 Rxd7 51. Bxd7 Kxd7 52. Kd5
Kc7 53. Ke5 c4 54. Kf6 c3 55. Kg6 c2 56. Kxh6 c1=Q {Normal} 0-1

[Event "Rated Blitz game"]
[Site "?"]
[Date "2021.10.10"]
[Round "?"]
[White "mu0n"]
[Black "pashpawn"]
[Result "1-0"]
[WhiteElo "2334"]
[BlackElo "2443"]
[PlyCount "41"]
[EventDate "2021.??.??"]
[EventType "blitz"]

1. e4 e5 2. Nf3 d5 3. Nxe5 Qe7 4. d4 f6 5. Nc3 fxe5 6. Nxd5 Qf7 7. dxe5 c6 8.
Nc3 Bc5 9. Qe2 Be6 10. Bd2 Nd7 11. O-O-O Bxa2 12. f4 Ne7 13. g4 O-O-O 14. Bg2
Nb6 15. f5 Bc4 16. Qf3 Bd4 17. e6 Qe8 18. h4 h6 19. Bf4 Bxc3 20. Qxc3 Be2 21.
Qe5 {Normal} 1-0

[Event "Rated Blitz game"]
[Site "?"]
[Date "2021.10.10"]
[Round "?"]
[White "Mc_Facker"]
[Black "RCompany_1"]
[Result "1-0"]
[WhiteElo "2571"]
[BlackElo "2471"]
[PlyCount "49"]
[EventDate "2021.??.??"]
[EventType "blitz"]

1. e4 e5 2. Nf3 d5 3. d4 dxe4 4. Nxe5 Bd6 5. Bc4 Bxe5 6. Qh5 Qe7 7. dxe5 Nc6 8.
Bf4 Be6 9. Bxe6 Qxe6 10. O-O O-O-O 11. Nc3 f5 12. exf6 Nxf6 13. Qg5 h6 14. Qg6
Ne7 15. Qg3 Nh5 16. Qe3 g5 17. Bg3 Nf6 18. Qxa7 Nc6 19. Qa8+ Nb8 20. Rfd1 Qc6
21. Be5 Rhf8 22. a4 Ng4 23. Nb5 Rd5 24. Na7+ Kd7 25. Nxc6 {Normal} 1-0

[Event "Rated Blitz game"]
[Site "?"]
[Date "2021.10.10"]
[Round "?"]
[White "nrm18"]
[Black "Shuhratullo"]
[Result "1-0"]
[WhiteElo "2434"]
[BlackElo "2343"]
[PlyCount "55"]
[EventDate "2021.??.??"]
[EventType "blitz"]

1. e4 e5 2. Nf3 d5 3. Nxe5 Bd6 4. d4 dxe4 5. Nc4 Nf6 6. Ne3 O-O 7. Be2 Nc6 8.
c3 Re8 9. O-O a6 10. f3 h6 11. Nd2 exf3 12. Nxf3 Bf4 13. Nc4 Bxc1 14. Rxc1 Be6
15. a3 Bd5 16. Nce5 Ne4 17. c4 Nxe5 18. Nxe5 Be6 19. Bf3 Ng5 20. Bxb7 Rb8 21.
Nc6 Qd6 22. c5 Qd7 23. Nxb8 Rxb8 24. d5 Bg4 25. c6 Bxd1 26. cxd7 Bg4 27. Rxc7
Be2 28. Rc8+ {Normal} 1-0

[Event "Rated Blitz game"]
[Site "?"]
[Date "2021.10.10"]
[Round "?"]
[White "dhonimessi"]
[Black "Fantastic_power06"]
[Result "0-1"]
[WhiteElo "2647"]
[BlackElo "2797"]
[PlyCount "60"]
[EventDate "2021.??.??"]
[EventType "blitz"]

1. e4 e5 2. Nf3 d5 3. exd5 e4 4. Qe2 Nf6 5. Nc3 Be7 6. Nxe4 O-O 7. d3 Re8 8. c4
c6 9. d6 Nxe4 10. dxe7 Qa5+ 11. Nd2 Nf6 12. b4 Qxb4 13. Rb1 Qxe7 14. Qxe7 Rxe7+
15. Be2 Bf5 16. Ba3 Re8 17. Kd1 b6 18. Rb3 Nbd7 19. d4 Rad8 20. Re3 Nf8 21. Bb2
Ne6 22. Re5 Nxd4 23. Bxd4 Rxd4 24. Rxf5 Red8 25. Re1 Rxd2+ 26. Kc1 Rxa2 27. Bd1
Kf8 28. Rfe5 g6 29. Re7 Ra1+ 30. Kc2 Raxd1 {Normal} 0-1

[Event "Rated Blitz game"]
[Site "?"]
[Date "2021.10.10"]
[Round "?"]
[White "Buchi"]
[Black "pashpawn"]
[Result "1-0"]
[WhiteElo "2492"]
[BlackElo "2426"]
[PlyCount "31"]
[EventDate "2021.??.??"]
[EventType "blitz"]

1. e4 e5 2. Nf3 d5 3. Nxe5 Qe7 4. d4 f6 5. Nd3 dxe4 6. Nf4 Bf5 7. Bc4 Nc6 8.
Nd5 Qd7 9. Bf4 Bd6 10. O-O O-O-O 11. c3 g5 12. Bxd6 Qxd6 13. Nd2 Nge7 14. Ne3
Bg6 15. b4 f5 16. f4 {Time forfeit} 1-0

[Event "Rated Blitz game"]
[Site "?"]
[Date "2021.10.10"]
[Round "?"]
[White "desx"]
[Black "Kukarachenko"]
[Result "1-0"]
[WhiteElo "2411"]
[BlackElo "2280"]
[PlyCount "53"]
[EventDate "2021.??.??"]
[EventType "blitz"]

1. e4 e5 2. Nf3 d5 3. d4 dxe4 4. Nxe5 Bd6 5. Bf4 Nf6 6. Bc4 O-O 7. O-O Bf5 8.
Nd2 Nc6 9. Nxc6 bxc6 10. Bg5 Be7 11. c3 Nd5 12. Bxe7 Qxe7 13. Qe2 Rfe8 14. Rfe1
Rab8 15. Nf1 Qf6 16. Qd2 Qd6 17. Ne3 Bg6 18. Rab1 Nf4 19. g3 Nd3 20. Bxd3 exd3
21. Nc4 Qd5 22. Ne5 Qb5 23. c4 Qb4 24. Qxb4 Rxb4 25. Nxc6 Rxe1+ 26. Rxe1 Be4
27. Nxb4 {Normal} 1-0

[Event "Rated Blitz game"]
[Site "?"]
[Date "2021.10.10"]
[Round "?"]
[White "zaandong"]
[Black "Annali-annaliew1979"]
[Result "0-1"]
[WhiteElo "2243"]
[BlackElo "2422"]
[PlyCount "28"]
[EventDate "2021.??.??"]
[EventType "blitz"]

1. e4 e5 2. Nf3 d5 3. Nxe5 Qe7 4. d4 f6 5. Qh5+ g6 6. Nxg6 Qxe4+ 7. Be2 Qxg6 8.
Qxd5 Ne7 9. Qb3 Nbc6 10. Be3 Bf5 11. Na3 O-O-O 12. O-O-O Nd5 13. g4 Be6 14. Qa4
Nb6 {Normal} 0-1

[Event "Rated Blitz game"]
[Site "?"]
[Date "2021.10.10"]
[Round "?"]
[White "petro_an"]
[Black "ReinaldoR"]
[Result "0-1"]
[WhiteElo "2468"]
[BlackElo "2499"]
[PlyCount "88"]
[EventDate "2021.??.??"]
[EventType "blitz"]

1. e4 e5 2. Nf3 d5 3. exd5 e4 4. Qe2 Nf6 5. Nc3 Be7 6. Nxe4 Nxd5 7. d4 O-O 8.
Bd2 Re8 9. O-O-O Bf8 10. c4 Bf5 11. Ne5 Nf6 12. Ng3 Bg4 13. f3 Bc8 14. Bc3 b5
15. cxb5 a6 16. Ne4 Nd5 17. Qd2 Nd7 18. Nc6 Qh4 19. g3 Qh5 20. g4 Qh4 21. Bc4
N7b6 22. Bb3 axb5 23. Qg2 Ne3 24. Qg3 Qxg3 25. hxg3 Nxd1 26. Rxd1 Bb7 27. d5
Nc4 28. a4 Ne3 29. Rd3 bxa4 30. Ba2 Nf1 31. Ne5 a3 32. b4 Be7 33. d6 Bxd6 34.
Nxf7 Kf8 35. Nfxd6 cxd6 36. Rxd6 Bxe4 37. fxe4 Rxe4 38. Rd7 Re7 39. Rd1 Nxg3
40. Rd3 Ne4 41. Rf3+ Ke8 42. Bd4 Rc8+ 43. Kb1 Nd6 44. Bc5 Kd7 {Time forfeit}
0-1

[Event "Rated Blitz game"]
[Site "?"]
[Date "2021.10.10"]
[Round "?"]
[White "Sandviper"]
[Black "lavilaine"]
[Result "0-1"]
[WhiteElo "2308"]
[BlackElo "2462"]
[PlyCount "100"]
[EventDate "2021.??.??"]
[EventType "blitz"]

1. e4 e5 2. Nf3 d5 3. Nxe5 Qe7 4. d4 f6 5. Nd3 dxe4 6. Nf4 Be6 7. Nxe6 Qxe6 8.
Nc3 f5 9. Bf4 Bd6 10. d5 Qe7 11. Bxd6 cxd6 12. Qd4 Nf6 13. O-O-O O-O 14. Be2
Nbd7 15. f3 Nc5 16. h4 a5 17. h5 Nfd7 18. h6 gxh6 19. Kb1 Rf6 20. g4 fxg4 21.
fxg4 a4 22. a3 Qe5 23. Qe3 Raf8 24. Rh5 Qf4 25. Qd4 Ne5 26. Nxa4 Nxa4 27. Qxa4
Nxg4 28. Rg1 Rg6 29. Rh4 h5 30. Rxh5 Ne5 31. Rgh1 Qf2 32. Rxh7 Rg1+ 33. Ka2
Rxh1 34. Rxh1 Qxe2 35. Qb3 Qc4 36. Rg1+ Kf7 37. a4 Qxb3+ 38. Kxb3 Kf6 39. Re1
Nf3 40. Rxe4 Nd2+ 41. Kb4 Nxe4 42. Kb5 Nc5 43. Kb6 Nxa4+ 44. Kxb7 Nxb2 45. Kc6
Nc4 46. Kb5 Na3+ 47. Kc6 Nxc2 48. Kxd6 Ne3 49. Kc7 Nxd5+ 50. Kd6 Ne7 {Normal}
0-1

[Event "Rated Blitz tournament 2IGczbOg"]
[Site "?"]
[Date "2021.10.10"]
[Round "?"]
[White "shata197"]
[Black "geptil"]
[Result "0-1"]
[WhiteElo "2501"]
[BlackElo "2455"]
[PlyCount "69"]
[EventDate "2021.??.??"]
[EventType "blitz"]

1. e4 e5 2. Nf3 d5 3. Nxe5 Bd6 4. d4 dxe4 5. Nc3 Nf6 6. Bg5 O-O 7. Bc4 Nbd7 8.
Nxd7 Bxd7 9. Qe2 h6 10. Bh4 Re8 11. O-O-O Bg4 12. Qd2 Bxd1 13. Rxd1 c6 14. Kb1
Be7 15. Bg3 Bb4 16. a3 Bxc3 17. Qxc3 Nd5 18. Qd2 b5 19. Bb3 Qg5 20. Qa5 a6 21.
Re1 f5 22. Be5 Qg6 23. g3 Kh7 24. h4 Qg4 25. Qd2 Qf3 26. c3 Qd3+ 27. Qxd3 exd3
28. Rd1 Rad8 29. Rxd3 Nb6 30. Rf3 g6 31. h5 Nc4 32. hxg6+ Kxg6 33. Kc1 Nxe5 34.
dxe5 Rxe5 35. Bc2 {Normal} 0-1

[Event "Rated Blitz game"]
[Site "?"]
[Date "2021.10.10"]
[Round "?"]
[White "jonny_magia"]
[Black "lavilaine"]
[Result "0-1"]
[WhiteElo "2496"]
[BlackElo "2468"]
[PlyCount "56"]
[EventDate "2021.??.??"]
[EventType "blitz"]

1. e4 e5 2. Nf3 d5 3. Nxe5 Qe7 4. d4 f6 5. Nf3 dxe4 6. Ng1 f5 7. Bc4 Nf6 8. Ne2
Be6 9. Bxe6 Qxe6 10. Nf4 Qf7 11. h4 Nc6 12. Be3 O-O-O 13. c3 Nd5 14. Qe2 Nxf4
15. Bxf4 Bd6 16. Bxd6 Rxd6 17. Nd2 Re8 18. Qc4 Qg6 19. O-O f4 20. Rae1 f3 21.
g3 Qg4 22. Kh2 Rh6 23. Nxf3 Qxf3 24. Re3 Qg4 25. Rfe1 Rf8 26. Kg2 Rxh4 27. Rxe4
Qh3+ 28. Kg1 Qh1# {Normal} 0-1

[Event "Rated Blitz tournament cRLrD25Z"]
[Site "?"]
[Date "2021.10.10"]
[Round "?"]
[White "Ragehunter"]
[Black "Razario90"]
[Result "1-0"]
[WhiteElo "2695"]
[BlackElo "2345"]
[PlyCount "117"]
[EventDate "2021.??.??"]
[EventType "blitz"]

1. e4 e5 2. Nf3 d5 3. exd5 e4 4. Qe2 Nf6 5. Nc3 Be7 6. Nxe4 O-O 7. d3 Nxd5 8.
Be3 Re8 9. O-O-O f5 10. c4 Nxe3 11. Qxe3 Bf8 12. Qf4 fxe4 13. dxe4 Qe7 14. Bd3
Nc6 15. Rhe1 Ne5 16. Nxe5 Qxe5 17. Qxe5 Rxe5 18. f4 Re8 19. h3 Bb4 20. Re2 Bd7
21. Kc2 Bc6 22. a3 Bc5 23. Rf1 Rad8 24. Rf3 a5 25. g4 Rd4 26. Kc3 Rdd8 27. b4
Bd4+ 28. Kb3 axb4 29. axb4 b6 30. h4 Kf8 31. g5 Ba1 32. h5 h6 33. gxh6 gxh6 34.
Rg3 Bg7 35. e5 b5 36. Bg6 bxc4+ 37. Kc3 Rd3+ 38. Bxd3 cxd3 39. Rd2 Bb5 40. Rg6
Rd8 41. Kb3 Rd4 42. Rg1 Rxf4 43. Re1 Ke7 44. Kc3 Rc4+ 45. Kb3 Rd4 46. Rg2 Kf8
47. Rf1+ Kg8 48. Rfg1 Rd7 49. e6 Re7 50. Rd2 Be8 51. Rg3 Rxe6 52. Rgxd3 Re7 53.
Rd8 Kf7 54. b5 Bf6 55. Kb4 Re4+ 56. R8d4 Re5 57. Re4 Rxe4+ 58. Kb3 Re5 59. Kc3
{Time forfeit} 1-0

[Event "Rated Blitz tournament LG1MTwjc"]
[Site "?"]
[Date "2021.10.10"]
[Round "?"]
[White "Larmor"]
[Black "ErikD2772"]
[Result "1/2-1/2"]
[WhiteElo "2445"]
[BlackElo "2275"]
[PlyCount "93"]
[EventDate "2021.??.??"]
[EventType "blitz"]

1. e4 e5 2. Nf3 d5 3. exd5 e4 4. Qe2 Nf6 5. Nc3 Be7 6. Nxe4 O-O 7. d3 c6 8. d6
Bxd6 9. Nxd6 Qxd6 10. Be3 Qb4+ 11. Qd2 Qxb2 12. Bd4 Re8+ 13. Be2 Qb5 14. Bxf6
gxf6 15. O-O Bf5 16. Nd4 Qd5 17. Nxf5 Qxf5 18. Bf3 Nd7 19. Rab1 Rab8 20. Rfe1
Ne5 21. Be4 Qg5 22. f4 Qh6 23. g3 f5 24. Bg2 Ng4 25. h3 Nf6 26. Rxe8+ Rxe8 27.
Rxb7 Nd5 28. Rxa7 Qg7 29. Kh2 Qa1 30. c4 Nc3 31. Qf2 Re2 32. Ra8+ Kg7 33. Qd4+
f6 34. Qc5 Qf1 35. Qxc6 Ne4 36. Ra7+ Kh6 37. Rxh7+ Kxh7 38. Qd7+ Kg6 39. Qe8+
Kg7 40. Qe7+ Kg6 41. Qe8+ Kg7 42. Qe7+ Kh6 43. Qf8+ Kh7 44. Qf7+ Kh6 45. Qf8+
Kh7 46. Qf7+ Kh6 47. Qf8+ {Normal} 1/2-1/2